000 00675nam a2200229Ia 4500
005 20260429112029.0
008 260429s9999||||xx |||||||||||||| ||und||
020 _a9781032464862
041 _aEnglish
082 _a572.8
_bHAS
100 _aHasan Babu, Hafiz Md.
245 0 _aMultiple valued computing in quantum molecular biology :
_barithmetic and combinational circuits, Vol. 1 /
_cHafiz Md. Hasan Babu
250 _a1st ed.
260 _aBoca Raton :
_bCRC Press,
_c2024.
300 _axxviii, 502 p.; hb
440 _vVol. 1
650 _a Biochemical genetics
650 _a DNA
650 _a Molecular biology
650 _aBiochemistry
942 _cTB
999 _c51983
_d51983